Finish the Quote: Anchorman Quiz Stats

Quiz not verified by Sporcle

Challenge
Share
Tweet
Embed
Score 0/20 Timer 06:00
0 Plays Today
Lead in Rest of Quote % Correct
Ron: 'It's so damn hot...Milk was a bad choice.'
74.8%
Wes Mantooth: 'Today we spell 'redemption'...R-O-N
69.3%
Brian (in response to above): 'They've done studies, you know...60 percent of the time, it works every time.'
68.4%
Ron: 'I wanna say something. I'm gonna put it out there; if you like it, you can take it, if you don't, send it right back...I want to be on you.'
67.4%
Ron (before battle): 'Let's go over the groundrules. Rule number 1:No touching of the hair or face.'
66%
Ron: 'Why don't you go back to your home...on **** Island.'
64.2%
Ron: 'It's a formidable scent. It stings the nostrils. I'm gonna be honest with you, Brian, ...that smells like pure gasoline.'
58.3%
Ron: 'I don't know how to put this but...I'm kind of a big deal.'
57.4%
Veronica (in response to above): 'Well, you...have bad hair.'
54.4%
Brick: 'I read somewhere their periods attract bears. Bears...can smell the menstruation.'
43.2%
Lead in Rest of Quote % Correct
Ron (reporting): 'The human torch was...denied a bank loan.'
40%
Ron (Signing Off): 'And I'm Ron Burgundy...Go f*** yourself, San Diego.'
37.6%
Ron: 'You know how to cut to the core of me Baxter. You're so wise. You're like...a miniature buddha covered in hair.'
36.8%
Champ: 'We need you. Hell, I need you. I'm a mess without you. I miss you so damn much. I miss being with you, I miss being near you. I miss your laugh. I miss your scent...I miss your musk.'
30.7%
Brick: 'I'm sorry Champ, I think...I ate your chocolate squirrel.'
19.2%
Ron: 'I'm gonna punch you in the ovary, that's what I'm gonna do..A straight shot, right to the babymaker.'
16.6%
Ron: 'Guess what, I do. I know that one day Veronica and I are gonna to get married on top of a mountain, and there's going to be flutes playing and trombones and flowers and...garlands of fresh herbs.'
5.4%
Ron :'I don't normally do this, but I felt compelled to tell you something...You have an absolutely breathtaking heiney.'
5.2%
Ron: 'Well, I could be wrong, but I believe diversity is...'an old, old wooden ship that was used during the Civil War era.'
4.6%
*Veronica: 'Oh Ron, there are literally thousands of other men that I should be with instead, but...I am 72 percent sure that I love you.'
3.2%

You're not logged in!

Compare scores with friends on all Sporcle quizzes.
Sign Up with Email
OR
Log In

You Might Also Like...

Show Comments

Extras

Top Quizzes Today


Score Distribution

Your Account Isn't Verified!

In order to create a playlist on Sporcle, you need to verify the email address you used during registration. Go to your Sporcle Settings to finish the process.